000 01501cam a2200277 4500
001 L135344
002 10102
008 061017n2006 000 0 eng u
020 _a1842193023
_a9781842193020
035 _a(Sirsi) u135344
041 0 _aeng
050 0 4 _a333.332 $2 18
100 1 _aCherry, Andrew
245 0 2 _aA valuer's guide to the RICS Red Book
260 _aCoventry
_bRICS Books
_c2006
300 _axxii, 144p.
_c21cm.
350 _a24.99
505 2 _aQualifications and conflicts of interest -- Terms of engagement with the client -- Valuation bases -- Inspections and material considerations -- Valuation reports -- Valuations for loan facilities -- Regulated purpose valuation -- The monitoring of valuation -- Specialist valuations
520 _aGuide the "RICS appraisal and valuation standards" or the Red Book. Discusses the principal aims and standards contained in the Red Book, and compliance and interaction with RICS by-laws and rules of conduct. Discusses confidentiality and conflict management, valuations subject to marketing constraints, revaluation without inspection, existing use valuation, depreciated replacement cost, financial reporting standards, lending, and rotation of personal and excluded valuations.
520 _aSuperseded by 2nd edition (ISBN 9781842193532).
590 _aKA
650 2 4 _aRICS appraisal and valuation standards
651 4 _aUnited Kingdom
_y
690 _aPROPERTY-PROPERTY APPRAISAL AND VALUATION
942 _n0
999 _c106012
_d106012